Ai người khôn nhất thế gian : Truyện về những người thông minh, hài hước /

Αποθηκεύτηκε σε:
Λεπτομέρειες βιβλιογραφικής εγγραφής
Άλλοι συγγραφείς: Nguyễn Thị Kim Loan (dịch.), Nguyễn Thu Cẩn (dịch.), Hà Đình Thành (dịch.)
Μορφή: Βιβλίο
Γλώσσα:Vietnamese
Έκδοση: Hà Nội : Văn hoá thông tin, 2000.
Θέματα:
Ετικέτες: Προσθήκη ετικέτας
Δεν υπάρχουν, Καταχωρήστε ετικέτα πρώτοι!
Thư viện lưu trữ: Mạng thư viện Đại học Đà Nẵng
LEADER 01106cam a2200361 i 4500
001 000046863
003 6371
005 20041029154718.0
008 010306b2000 vm 000 vie
020 |c 42000 
022 |a T 
040 |a IRC  |c IRC  |d IRC 
041 0 |a vie 
082 1 4 |a 398.2  |b Ai-N 
245 0 0 |a Ai người khôn nhất thế gian :  |b Truyện về những người thông minh, hài hước /  |c Nguyễn Thị Kim Loan, Nguyễn Thu Cẩn, Hà Đình Thành biên soạn, tuyển chọn và dịch. 
260 |a Hà Nội :  |b Văn hoá thông tin,  |c 2000. 
300 |a 460 tr. ;  |c 19 cm. 
630 0 4 |a Văn học dân gian. 
650 0 4 |a Truyện dân gian  |z Việt Nam. 
650 0 4 |a Văn học dân gian. 
700 1 |a Nguyễn Thị Kim Loan,  |e dịch. 
700 1 |a Nguyễn Thu Cẩn,  |e dịch. 
700 1 |a Hà Đình Thành,  |e dịch. 
OWN |a DUT 
999 |a From the UDN01 
TYP |a Monograph 
TYP |a Printed language 
980 |a Mạng thư viện Đại học Đà Nẵng